| 000 | 01999nam a2200265Ia 4500 | ||
|---|---|---|---|
| 008 | 260220t2002||||xx |||||||||||||| ||spa|| | ||
| 020 | _a843681665X | ||
| 040 |
_aPY-SlUNAC _bspa _erda |
||
| 041 | _aspa | ||
| 082 |
_a515 _bF118i |
||
| 100 |
_aFacenda Aguirre, José Antonio _eAutor |
||
| 245 | 0 |
_aIntegración de funciones de varias variables / _cpor José Antonio Facenda Aguirre [Autor] y Francisco José Freniche Ibáñez [Autor] |
|
| 264 |
_aMadrid : _bPirámide, _c℗2002. |
||
| 300 | _a1 volumen | ||
| 520 | _aEl libro "Integración de funciones de varias variables" de José Antonio Facenda Aguirre ofrece un enfoque exhaustivo sobre la teoría y aplicaciones de la integración en múltiples dimensiones. A lo largo de sus capítulos, el autor desarrolla los conceptos fundamentales necesarios para abordar la integración de funciones de varias variables, comenzando con una introducción a los principios básicos y avanzando hacia técnicas más complejas. Facenda explora diversas técnicas de integración, como los integrales dobles y triples, y su aplicación en problemas de física y ingeniería. Además, se discuten los teoremas de Fubini y de cambio de variables, resaltando su importancia en la resolución de integrales en contextos multidimensionales. El texto incluye numerosos ejemplos prácticos que facilitan la comprensión de los conceptos tratados, así como ejercicios que permiten al lector poner en práctica los conocimientos adquiridos. Este libro es una herramienta valiosa para estudiantes y profesionales que buscan profundizar en el análisis matemático y su aplicación en diversas disciplinas científicas. | ||
| 653 | _aAnálisis matemático | ||
| 653 | _aFunciones matemáticas | ||
| 653 | _aMatemáticas aplicadas | ||
| 700 |
_aFreniche Ibáñez, Francisco José _eAutor |
||
| 942 |
_b2026/02/17 _cBK |
||
| 999 |
_c7551 _d7551 |
||